Business Finance/ (Record no. 212746)

MARC details
000 -LEADER
fixed length control field 00550nam a22001937a 4500
005 - DATE AND TIME OF LATEST TRANSACTION
control field 20250731114442.0
010 ## - LCCN (DPL NO)
LC control number ENG-146258
020 ## - INTERNATIONAL STANDARD BOOK NUMBER
International Standard Book Number 9789391772765
Terms of availability 230.00
035 ## - SYSTEM CONTROL NUMBER
System control number EN-129790
037 ## - SOURCE OF ACQUISITION
Source of stock number/acquisition DBAD
082 ## - DEWEY DECIMAL CLASSIFICATION NUMBER
Classification number 658.18
Edition number 1
100 ## - MAIN ENTRY--PERSONAL NAME
Personal name Suganthi, V.
245 ## - TITLE STATEMENT
Title Business Finance/
Statement of responsibility, etc by V. Suganthi
250 ## - EDITION STATEMENT
Edition statement 1
260 ## - PUBLICATION, DISTRIBUTION, ETC. (IMPRINT)
Place of publication, distribution, etc Chennai
Name of publisher, distributor, etc Forschung Publications
Date of publication, distribution, etc 2025
270 ## - ADDRESS
Address Mogappair
City Chennai
Telephone number 9626166683
Electronic mail address forchungpublications@gmail.com
300 ## - PHYSICAL DESCRIPTION
Extent 70p.
Dimensions 22cm(pb)
942 ## - ADDED ENTRY ELEMENTS (KOHA)
Source of classification or shelving scheme Dewey Decimal Classification
Item type English Books
Classification part 658.18
Call number suffix SUG
Holdings
Withdrawn status Lost status Not for loan Collection code Home library Current library Date acquired Source of acquisition Cost, normal purchase price Full call number Barcode Copy number Cost, replacement price Koha item type
    Not For Loan Non-fiction Bawana Bawana 31/07/2025 Delivery of Books Act Division 230.00 658.18 SUG EN-129790 1 230.00 English Books

© Delhi Public Library
Hit Counter
free hit counter